Comunicación y transformaciones socioculturales del siglo xxi : sexto año /

Guardado en:
Autor Principal: Alvarez Terán, Claudio
Formato: Libro
Publicado: Buenos Aires : Escuela Latinoamérica, 2012
Materias:
Etiquetas: Agregar Etiqueta
Sin Etiquetas, Sea el primero en etiquetar este registro!
LEADER 00570nam a22001815a 4500
001 CEM.cems014767
008 130507s2012##################000#0#####d
005 20210805163133.0
003 CEMS
245 1 0 |a Comunicación y transformaciones socioculturales del siglo xxi :  |b sexto año /  |c Claudio Alvarez Terán 
260 |a Buenos Aires :  |b Escuela Latinoamérica,  |c 2012 
300 |a 73 p. 
590 |a 1331.017 
100 1 |a Alvarez Terán, Claudio 
653 |a Comunicación 
653 |a Cultura 
653 |a Biblioteca TC 
859 |a CEMS  |b BIB. CEMS - 11 de abril  |h TC  |p 1331.017  |t Ej.1